|
|
|
|
| LEADER |
01008nam a2200265 a 4500 |
| 001 |
61617 |
| 008 |
100830s1993 maua b 000 0 eng d |
| 999 |
|
|
|c 9415
|d 9415
|
| 010 |
|
|
|a 92030318
|
| 020 |
|
|
|a 0262132915
|
| 020 |
|
|
|a 026263144X (pbk.)
|
| 040 |
|
|
|a DLC
|c DLC
|d DLC
|d DB-DhAAL
|
| 082 |
0 |
0 |
|a 720.288
|2 20
|
| 100 |
1 |
|
|a Mostafavi, Mohsen.
|9 32276
|
| 245 |
1 |
0 |
|a On weathering :
|b the life of buildings in time /
|c Mohsen Mostafavi and David Leatherbarrow.
|
| 260 |
|
|
|a Cambridge, Mass. :
|b MIT Press,
|c c1993.
|
| 300 |
|
|
|a 139 p. :
|b ill. ;
|c 24 cm.
|
| 504 |
|
|
|a Includes bibliographical references (p. 123-135).
|
| 526 |
|
|
|a ARC
|
| 541 |
1 |
|
|e 00020876
|
| 650 |
|
0 |
|a Weathering of buildings.
|9 32277
|
| 700 |
1 |
|
|a Leatherbarrow, David.
|9 32278
|
| 852 |
4 |
|
|a Ayesha Abed Library
|j General Shelf.
|
| 942 |
|
|
|2 ddc
|c BK
|
| 952 |
|
|
|0 0
|1 0
|2 ddc
|4 0
|6 720_288000000000000_MOS_1993
|7 0
|9 11831
|a BRACUL
|b BRACUL
|c GEN
|d 2010-09-15
|e TRIM EDUCATION
|g 3230.00
|l 1
|o 720.288 MOS
|p 3010020876
|r 2021-12-23
|s 2021-12-15
|t 1
|w 2010-09-15
|y BK
|